| 000 | 00451nam a2200145Ia 4500 | ||
|---|---|---|---|
| 008 | 210210b1997 xxu||||| |||| 00| 0 eng d | ||
| 082 | _a363.73 KOSE | ||
| 100 | _aKOSHY (Mathew), Ed. | ||
| 245 | _aEnvironmental problems of the modern age. | ||
| 260 |
_aKerala. _bKerala Council of Churches & ecumenical Devpt Training Programme. _c1997 |
||
| 300 | _av,134 | ||
| 650 | _aModern environmental problems | ||
| 690 | _aSocial Problems | ||
| 906 | _a052537 | ||
| 999 |
_c100826 _d100826 |
||